000 00602nam a22001937a 4500
999 _c6361
_d6361
003 GBCCL
005 20241126110601.0
008 180510b ||||| |||| 00| 0 eng d
020 _a1871828171
040 _cgbc
082 _a222.1507
_bCAI
100 _aCairns, Ian
_911391
245 _aWord and presence:
_bA commentary on the book of Deuteronomy /
_cIan Cairns
260 _aGrand Rapids:
_bWm. B. Eerdmans Publishing,
_c1992
300 _a309 p.;
_c21 cm.
440 _aInternational Theological Commentary
_911392
650 _aBible
_vO.T.
_xDeuteronomy
_xCommentaries
_911393
942 _2ddc
_cBK
_010